000 00721nam a2200289Ia 4500
005 20260324135125.0
008 008 260324s9999 xx 000 0 eng d
020 _a9781315028095
037 _aEBOOK
040 _aCRL
040 _beng
040 _cCRL
041 _2eng
041 _aeng
084 _qCRL
100 _aSusan Billington Harper
_91199426
245 0 _aIn the Shadow of the Mahatma
245 0 _bBishop Azariah and the Travails of Christianity in British India
260 _bTaylor and Francis
260 _c2000
365 _a
365 _b195
856 _uhttp://www.taylorfrancis.com/books/9781315028095
942 _cEBOOK
999 _c1800177
_d1800177